| 000 | 00468nam a22001817a 4500 | ||
|---|---|---|---|
| 003 | OSt | ||
| 005 | 20260317005529.0 | ||
| 008 | 260317b |||||||| |||| 00| 0 eng d | ||
| 020 | _a0-451-40652-4. | ||
| 040 |
_aDWCL Main lib _cOC |
||
| 082 | _aFic. R495 1996 | ||
| 100 | _eRice, Patricia | ||
| 245 |
_aPaper moon _cPatricia Rice |
||
| 260 |
_aNew York : _bPenguin Groiup, _cc1996. |
||
| 300 |
_a382 p. ; _c17 cm. |
||
| 650 | _aFiction. | ||
| 942 |
_2ddc _cFIC. _kFic. _n0 |
||
| 999 |
_c9184 _d9184 |
||